Cheerleading Positions - Statistics

General Stats
  • This quiz has been taken 738 times
  • The average score is 5 of 11
Answer Stats
Hint Answer % Correct
The person who gets thrown up in the air *name* Flyer
94%
The person who catches the flyers bum Back Spot
77%
Person at the front Front Spot
68%
Catching somone out of extension/prep Cradle
61%
People at each side of the flyer, lifting her up Bases
60%
The higher position Extension
45%
The normal position Prep
44%
Rolling over in the air Barrel Roll
15%
When the flyer comes down from the air Smush
6%
Extension with your leg up in the air Extension Hitch
2%
The counts for cheerleading 5,6,7,8,1,2, dip 3,4 etc
0%
No matching quizzes found
Score Distribution
Percent of People with Each Score
Percentile by Number Answered
Your Score History
You have not taken this quiz